Score 0/57 Timer 06:00
1 Play Today
Hint 4-Letter Word % Correct
● Four-time NBA ____ Valuable Player ● MOST
93.1%
● Two-time Olympic ____ medalist ● GOLD
92.1%
● First major shoe endorsement ● NIKE
89.5%
● NBA All-Rookie First ____TEAM
88.5%
● ● LeBron's 2nd NBA squad ● ● HEAT
88.3%
● ____-to-____ NBA champion ● BACK
87.7%
● NBA Rookie of the ____YEAR
86.9%
● ● LeBron's 1st NBA squad ● ● CAVS
86.1%
● ● LeBron's 3rd NBA squad ● ● CAVS
86.1%
● 13-time NBA All-____STAR
85.5%
Facebook thumbs upLIKE
79.9%
Huron, Erie, or MichiganLAKE
77.8%
● Nickname: ____ James ● KING
77.1%
Industrial rock's ____ Inch NailsNINE
76.1%
Plaster broken bone supportCAST
75.6%
Bird mouthBEAK
74.8%
Upright post for sailsMAST
74.3%
● Played at St. Vincent–St. ____ HS ● MARY
72.8%
Vocalize melodicallySING
72%
Queue of waiting peopleLINE
70.5%
Furry fungal growth (US sp.)MOLD
70.5%
Trigonometry functionSINE
70.2%
Not have enoughLACK
69.7%
Seasonally shed fur or feathersMOLT
69.5%
Ernie's muppet friendBERT
68.6%
Simpson, Starr, or JohnsonBART
68.6%
500 sheets of paperREAM
68.3%
Guitar virtuoso JeffBECK
68.2%
Musical pulseBEAT
68%
Hint 4-Letter Word % Correct
Connery, Astin, or PennSEAN
67.4%
Heavy southeast Asian woodTEAK
67.3%
Mamas & the Papas MamaCASS
67.3%
Fine, open fabricLACE
66.7%
Downward stock trend: ____ marketBEAR
66.2%
Female horseMARE
65.8%
Be in first placeLEAD
65.2%
2006 Pixar movieCARS
65.1%
Lee, Laurel, or MusialSTAN
64.5%
Neck topperHEAD
64.4%
Caused by touching toad (myth)WART
64.2%
Thoroughfare, highwayROAD
64%
Yellow marshmallow chickPEEP
63.9%
Show concernCARE
63.7%
Wander aimlesslyROAM
63.4%
Loan moneyLEND
63.4%
Scorch the surface SEAR
61.5%
Pointed cattle-driving stickGOAD
60.8%
Give birth to kid or lambYEAN
60.3%
Leak slowlySEEP
57.7%
Fortune tellerSEER
57.6%
Archaic word for cattleKINE
57.1%
Pop singers Lovich or Nystrøm LENE
56.9%
Cautious, on guard WARY
56.4%
Boggy mossPEAT
54.6%
UK fast food chain, ____ à MangerPRÊT
44.3%
● Naismith ____ Player of the Year ● PREP
43.9%
Embarrassing stumble: ____fallPRAT
43.6%

Today's Daily Dose

Remove Ads.
Support Sporcle.
Get the best of Sporcle when you Go Orange. This ad-free experience offers more features, more stats, and more fun while also helping to support Sporcle. Thank you for becoming a member.

You're not logged in!

Compare scores with friends on all Sporcle quizzes.
OR
Log In

Show Comments

Extras

Top Quizzes Today


Score Distribution

Your Account Isn't Verified!

In order to create a playlist on Sporcle, you need to verify the email address you used during registration. Go to your Sporcle Settings to finish the process.

Report this User

Report this user for behavior that violates our Community Guidelines.

Details: